000
00325nam a2200133Ia 4500
008
240624s9999 xx 000 0 und d
041
_a
eng
082
_a
920 GEE
100
_a
DOCTOR GEETA
245
_a
AMRITA SHER GIL A PAINTED LIFE
260
_c
2002
_a
New Delhi
_b
Rupa and Company
300
_a
96 : p.
365
_c
RS
_b
25
999
_c
17552
_d
17552